02297nam a2200421 i 4500001001000000003000900010005001700019007000300036008004100039040003000080041000800110082002200118100005000140245015000190264003400340300002700374336002700401337003300428338002800461490006900489490002800558500006900586500007500655590002700730650004800757650008800805700005200893700004900945830010100994910003701095942001401132952014601146952014601292952014601438952013401584952014001718999001701858000023779DO-SdBNP20260312121612.0ta110113s1987 dr 000 0 spa d aDO-SdBNPbspacBNPHUerda aspa 4a320.56bF335c2221 aFennema, Meindert,d1946-eautor4aut.91317513aLa construcción de raza y nación en la República Dominicana /cMeindert Fennema, Troetje Loewenthal ; presentación, Carlos Doré Cabral. 1aSanto Domingo :bUASD,c1987. a69 páginas ;c21 cm. atextobtxt2rdacontent asin mediaciónbn2rdamedia avolumenbnc2rdacarrier1 aPublicaciones de la Universidad Autónoma de Santo Domingov5741 aHistoria y Sociedadv77 aIncluye datos biográficos de los autores en la contracubierta. aIncluye referencias bibliográficas y notas al pie de las páginas. aInventariado, 2018/ YL 4aNacionalismoxRepública dominicana910966 4aDiscriminación racial zRepública DominicanaxEnsayos, conferencias, etc.922801 aLoewenthal, Troetje,d1944-eautor4aut.9489471 aDore y Cabral, Carlos,epresentación96975 0aPublicaciones de la Universidad Autónoma de Santo Domingon574pHistoria y Sociedadv77948948 aValidado. Control de calidad EMS 2ddccLBS1 00102ddc56708DSaBNPHUbBNPHUcHDd2011-01-13l0oBNPHU DS 320.56 F335cp23779-30r2020-06-25te. 3w2020-06-25yLBS1ZPréstamo en sala 00102ddc56708DSaBNPHUbBNPHUcHDd2011-01-13l0oBNPHU DS 320.56 F335cp23779-40r2020-06-25te. 4w2020-06-25yLBS1ZPréstamo en sala 00102ddc54708DSaBNPHUbBNPHUcHDd2013-04-18l0oBNPHU DS 320.56 F335cp23779-50r2020-06-25te. 5w2020-06-25yLBS1ZPréstamo en sala 00102ddc51708PDaBNPHUbBNPHUcHDd2011-01-13l0oBNPHU PD 320.56 F335cp23779-10r2020-06-25w2020-06-25yLBS1ZNo se presta 00102ddc51708PDaBNPHUbBNPHUcHDd2011-01-13l0oBNPHU PD 320.56 F335cp23779-20r2020-06-25te. 2w2020-06-25yLBS1ZNo se presta c23275d23275